000 00907nam a2200325Ia 4500
003 OSt
005 20220912151449.0
006 a|||||r|||| 00| 0
007 ta
008 220909b |||||||| |||| 00| 0 eng d
020 _a 8120402685(Set)
020 _a8120402693(V 5) (hbd)
024 _a6349
037 _bMetropolitan,
037 _cTextual
040 _aCSL
_beng
_cCSL
041 _aeng
082 _aK1:67, M3.5
100 _aAdiyodi K G Ed
245 0 _aReproductive Biology of Invertebrates
260 _aNew Delhi
_bOxford IBH Publishing Co
_c1992
300 _a6 V
500 _aIncludes bibliographical references; Indexes 499-518p
650 _a Invertebrate
650 _a Reproduction
650 _aZoology
700 _a Adiyodi R G Ed
942 _hK1:67, M3.5
_cTEXL
_2CC
999 _c69104
_d69104